Statistics for Can you name 10 groups of 2 countries with a similar population?

Click here to take the quiz!

General Stats

  • This quiz has been taken 16 times
  • The average score is 3 of 10

Answer Stats

HintAnswer% Correct
Timor-lesteEstonia
62%
CongoFinland
62%
QatarJamaica
54%
SloveniaNorth Macedonia
38%
KyrgystanNicaragua
31%
BotswanaGambia
23%
ChileMalawi
23%
New ZealandCentral African republic
15%
IrelandLiberia
15%
LebenonLibya
15%

Score Distribution

Percentile by Number Answered

Percent of People with Each Score

Your Score History

You have not taken this quiz